| 000 | 02715nam a2200265 4500 | ||
|---|---|---|---|
| 005 | 20250130115251.0 | ||
| 008 | 240119k19261927fr ||||fr|||| 00| d fre d | ||
| 040 |
_aCO-BoUCM _bspa _cSandra Yazo _dSandra Yazo |
||
| 041 | 0 | _afre | |
| 082 | 0 | 4 |
_220 _a842 |
| 092 | _aE52N135 | ||
| 100 | 1 |
_9150230 _aHermant, Abel |
|
| 242 | 0 | 0 |
_aEscenas de la vida en Cortes y Embajadas. _yspa _nI. La Carrera ; _nII. El Cetro ; _nIII. El carruaje del Estado. |
| 245 | 1 | 0 |
_aScènes de la vie des Cours et des Ambassades. _nI. La Carrière ; _nII. Le sceptre ; _nIII. Le Char de l’État. |
| 260 |
_aParís (Francia) _bAlbin Michel ; Les imprimeries Lainé et Tantet [Albin Michel ; Imprenta de Lainé y Tantet] _c1926 - 1927 |
||
| 300 |
_a3 volúmenes (314 ; 316 ; 324 páginas) _c18 x 11 cm |
||
| 500 | _aDetalles físicos: Sin encuadernación original, actualmente, encuadernación rígida (holandesa): cartón forrado en papel. Lomo en tela texturizada, con letras y líneas decorativas en dorado. Guardas. Anteportada. Portada impresa en una sola tinta; grabado con marca tipográfica de los editores: monograma con las iniciales A M (Albin Michel). Texto impreso en una columna, con diferentes tipos y tamaños de letra. Cortes decorados con jaspeados de color rojo. Índice. Ejemplares agrupados en un solo registro para mantener el orden de la colección. V.3: indica en portada Nouvelle édition [Última edición]. V.1 indica fecha de publicación 1926 y V.3: 1927. | ||
| 505 | 0 | _aV.1: Los emigrantes ; El equilibrio europeo ; Observaciones de sobremesa ; En casa de Paul ; Cortos sueños: la tradición ; La mano izquierda ; La mano derecha ; Etiqueta del corazón ; El miércoles de la embajadora ; Correo del despacho ; El incógnito ; El Libro Amarillo (Documentos diplomáticos) ; Los baluartes de la sociedad ; La apoteosis ; El hombre tatuado ; Los nómadas -- V.2: Una teja ; El cetro de ortigas ; El museo de los reyes ; El centro y la cruz ; Alta escuela ; Las alegrías del matrimonio ; Consejo de familia ; Adúltero de un golpe El ojeador ; El encuentro de los burgueses ; El secreto de las cortes ; Una baguette mágica ; El examen de Ana ; La unción del Señor -- V.3: Los limones ; Mobiliario de archiduque ; La asociación ; Ejércitos leales ; Natividad ; Por una muñeca ; Efectos y causas ; El viejo polaco ; El centro del mundo ; Para encontrar al Emperador Paulo VII ; Una noche histórica ; Al estilo de París ; El pasado ; Fantasía ; Propaganda con hechos | |
| 506 | _aConsulta en sala | ||
| 546 | _aTexto en francés | ||
| 650 | 7 |
_925063 _aTeatro francés |
|
| 650 | 7 |
_97794 _aLiteratura francesa |
|
| 690 |
_aLiteratura europea _926524 |
||
| 942 |
_2LOCAL _cLIBRO _e1 _hE52N135 |
||
| 999 |
_c323768 _d323768 |
||